| 000 | 00410nam a2200157 a 4500 | ||
|---|---|---|---|
| 001 | 4182 | ||
| 003 | CDMR | ||
| 005 | 20131128122722.0 | ||
| 008 | 130130s1990||||||||||||||||||||||||||||d | ||
| 040 |
_aCDMR _bcat _cCDMR |
||
| 245 | 0 | _aCatàleg de revistes en català | |
| 260 |
_aBarcelona _c1990 _bAPPEC |
||
| 650 | 0 | 4 |
_94401 _aRevistes catalanes |
| 650 | 0 | 4 |
_94132 _aRevistes _xBibliografia _xCatàlegs |
| 942 |
_cMON _2udc |
||
| 999 |
_c4182 _d4182 |
||